000 00518nam a2200193 a 4500
001 1772625971167
003 YourLibrary
005 20260304173722.0
008 260304s2000##################000#0#eng##
020 _a9780792377856
082 0 4 _a327.7304
_bBON
100 1 _aBonser, Charles,
_eauthor.
245 1 0 _aSecurity, Trade, and Environmental Policy :
260 _bSpringer,
_c2000.
300 _a318 pages
650 0 _aBusiness & Economics.
942 _cENGLISH
040 _aYourLibrary
_beng
_cYourLibrary
999 _c616841
_d616841